| 000 | 00368nam a22001457a 4500 | ||
|---|---|---|---|
| 003 | SGT | ||
| 020 | _a9788125057239 | ||
| 082 |
_a954.03 _bBAN |
||
| 100 | _aBANDYOPADHYAY ,SEKHAR | ||
| 245 |
_aFROM PLASSEY TO PARTITION AND AFTER _bA HISTORY OF MODERN INDIA |
||
| 250 | _a2 | ||
| 260 |
_aHYDERABAD _bORIENT BLACKSWAN _c2020 |
||
| 300 | _aXXI , 586 | ||
| 942 |
_2ddc _cBK _01 |
||
| 999 |
_c20957 _d20957 |
||